| 000 | 00757nam a2200217 a 4500 | ||
|---|---|---|---|
| 005 | 20210223124844.0 | ||
| 008 | 030305s2001 mx r 000 0 spa d | ||
| 020 | _a8425421195 | ||
| 035 | _aUPN01000122539 | ||
| 049 | _aC | ||
| 050 | 4 |
_aPE1460 _bF5.7 |
|
| 100 | 1 | _aFitzsimons, Ronan | |
| 245 | 1 | 0 |
_aDiccionario de modismos verbales en inglés y español : _bphrasal and prepositional verbs / _cRonan Fitzsimons. |
| 260 |
_aBarcelona, Esp. : _bHerder, _c2001. |
||
| 300 | _a474 p. | ||
| 440 | 0 | _aDiccionarios Herder | |
| 650 | 4 |
_aINGLES - _xMODISMOS, VICIOS DE DICCION, ETC. - _vDICCIONARIOS _91705 |
|
| 650 | 4 |
_aESPAÑOL - _xMODISMOS, VICIOS DE DICCION, ETC. - _vDICCIONARIOS _91701 |
|
| 650 | 4 |
_aINGLES - _vDICCIONARIOS - _xESPAÑOL _94691 |
|
| 905 | _aLibro | ||
| 999 |
_c94726 _d94726 |
||